Statistics for Common Knowledge #19

Click here to take the quiz!

General Stats

  • This quiz has been taken 465 times
  • The average score is 12 of 20

Answer Stats

HintAnswer% Correct
What color is the 8-ball in the game of pool?
Black
97%
Vienna is the capital of what country?Austria
80%
What country borders San Marino?Italy
78%
What is the state fruit of New York?Apple
77%
What alcoholic drink is mainly made from juniper berries?Gin
76%
What is Superman's achilles heel?Kryptonite
76%
What island do lemurs come from?Madagascar
76%
What body part can be affected by cataracts?Eye
75%
When Jack fell down and broke his crown, who came tumbling after?Jill
71%
What Starbucks size, larger than a grande, is also the Italian word for "twenty"?Venti
69%
What is the first book of Bible?Genesis
64%
The flag of the United Kingdom is also called a?Union Jack
61%
The star Betelgeuse is pronounced like what two English words?Beetle Juice
60%
If you're killing a goomba, what game are you playing?Super Mario Bros.
60%
Who wrote the "Moonlight Sonata"?Ludwig van Beethoven
55%
What is the world's most expensive spice by weight?Saffron
53%
What is 5 factorial?120
41%
What word can be formed by adding three letters to the middle of PANIC?Pandemic
39%
Where did the pineapple plant originate?South America
21%
What is the mascot of Texas University?Longhorns
17%

Score Distribution

Percentile by Number Answered

Percent of People with Each Score

Your Score History

You have not taken this quiz